Louane - Douce (Paroles) - Statistiques

Statistiques générales
  • Ce quiz a été pris 11 fois
    8 depuis la dernière actualisation
  • Le résultat moyen est 261 sur 268
Statistiques - réponses
Paroles % Correct
à
100%
ai
100%
attends
100%
avec
100%
ça
100%
ce
100%
C'est
100%
c'est
100%
chanson
100%
coeur
100%
Comme
100%
comme
100%
corps
100%
croiser
100%
d'
100%
D'
100%
dans
100%
Dans
100%
De
100%
de
100%
déjà,
100%
déjà
100%
depuis
100%
dès
100%
dit
100%
dont
100%
Douce
100%
douce
100%
enfin
100%
Est
100%
Et
100%
être
100%
fait
100%
final
100%
grand
100%
gros
100%
J'
100%
j'
100%
Je
100%
je
100%
j'me
100%
j'te
100%
la
100%
l'ai
100%
le
100%
les
100%
Les
100%
ligne
100%
l'sais
100%
m'
100%
ma
100%
m'aimerais
100%
mal
100%
mange
100%
me
100%
menti
100%
mes
100%
miroirs
100%
moi
100%
mon
100%
morceau
100%
pas
100%
petite
100%
peur
100%
première
100%
que
100%
qu'elle
100%
qui
100%
regard
100%
regardais
100%
regardes
100%
regards
100%
ressemble
100%
Si
100%
si
100%
t'ai
100%
toute
100%
trop
100%
tu
100%
Tu
100%
un
100%
une
100%
vie
100%
vois
100%
vrai
100%
yeux
100%
acceptais
67%
assumer
67%
changer,
67%
chaque
67%
c'que
67%
dessine
67%
dur
67%
fois
67%
j'acceptais
67%
Mais
67%
montrer
67%
ose
67%
Oui,
67%
passe
67%
c'qui
33%
s'passe
33%
Aucun quiz correspondant
Distribution des résultats
% des personnes avec chaque résultat
Percentile par nombre de réponses
Votre historique - résultats
Vous n’avez pas pris ce quiz depuis la dernière actualisation